| 000 | 00644cab a2200241 4500 | ||
|---|---|---|---|
| 001 | X6 | ||
| 008 | 090401t1991 xxu||||| |||| 00| 0 eng d | ||
| 035 | _a(Sirsi) u34759 | ||
| 041 | _aeng | ||
| 100 | _aArditi, D. | ||
| 245 | _aPerformance of US contractors in foreign markets | ||
| 260 | _c1991 | ||
| 350 | _a0 | ||
| 490 |
_aConstruction Management & Economics _v9(5) September 1991, 431-449(19) |
||
| 650 | _aCOMPETITIVENESS | ||
| 650 | _aCONSTRUCTION COMPANIES | ||
| 650 | _aCONSTRUCTION MARKET | ||
| 650 | _aUNITED STATES | ||
| 690 | _aOVERSEAS-NORTH AMERICA | ||
| 700 | _aGutierrez, A.E. | ||
| 942 | _n0 | ||
| 948 | _c04/03/1997 | ||
| 999 |
_c22956 _d22956 |
||